Ayntab sipahileri : (Record no. 55969)
| 000 -BAŞLIK | |
|---|---|
| Sabit Uzunluktaki Kontrol Alanı | 02555nam a22004337a 4500 |
| 001 - KONTROL NUMARASI | |
| Control Dosyası | 0056161 |
| 003 - KONTROL NUMARASI KİMLİĞİ | |
| Kontrol Alanı | KOHA_MİRAKIL |
| 005 - EN SON İŞLEM TARİHİ ve ZAMANI | |
| Kontrol Alanı | 20260207004040.0 |
| 007 - FİZİKSEL TANIM SABİT ALAN - GENEL BİLGİ | |
| Sabit uzunluklu kontrol alanı | ta |
| 008 - SABİT UZUNLUKTAKİ VERİ ÖGELERİ - GENEL BİLGİ | |
| Sabit Alan | 160307b2011 tu a|||gr||||#||||0|tur | |
| 020 ## - ISBN - ULUSLARARASI STANDART KİTAP NUMARASI | |
| Isbn | 9789752674653 |
| 040 ## - KATALOGLAMA KAYNAĞI | |
| Özgün Kataloglama Kurumu | TR-BiSEU |
| Kataloglama Dili | tur |
| Çeviri Kurumu | TR-BiSEU |
| Açıklama Kuralları | rda |
| 041 0# - DİL KODU | |
| Metin ya da ses kaydının dil kodu | tur |
| 044 ## - YAYINLAYAN/ÜRETEN KURULUŞUN ÜLKE KODU | |
| ISO country code | tu |
| 050 ## - SINIFLAMA ve YER NUMARASI | |
| Sınıflama Numarası | HD846.5.Z9 |
| Yer Numarası | G39 2011 |
| 100 1# - KİŞİ ADI | |
| Yazar Adı (Kişi adı) | Erdoğan-Özünlü, Emine. |
| 245 1# - ESER ADI BİLDİRİMİ | |
| Başlık | Ayntab sipahileri : |
| Alt Eseradı vb. | bir Osmanlı sancağında timarlı sipahi olmak, 1530-1647/ |
| Sorumluluk Bildirimi | Emine Erdoğan-Özünlü ; Emine Erdoğan Özünlü.. |
| 264 #1 - ÜRERİM, YAYIN, DAĞITIM ve TELİF BİLDİRİMİ | |
| Yayın yeri | Ankara : |
| Yayınlayan | Berikan Yayınevi |
| Yayın tarihi | 2011 |
| 300 ## - FİZİKSEL TANIMLAMA | |
| Sayfa, Cilt vb. | 148 sayfa : |
| Diğer fiziki detaylar | resimli, tablo, tıpkıbasım. ; |
| Boyutları | 23 cm. |
| 336 ## - İÇERİK TÜRÜ | |
| Content type term | metin |
| Content type code | txt |
| Source | rdacontent |
| 337 ## - MEDYA TÜRÜ | |
| Media type term | aracısız |
| Media type code | n |
| Source | rdamedia |
| 338 ## - TAŞIYICI TÜRÜ | |
| Carrier type term | cilt |
| Carrier type code | nc |
| Source | rdacarrier |
| 500 ## - GENEL NOT | |
| Genel Not | Dizin var. |
| 500 ## - GENEL NOT | |
| Genel Not | Kaynakça var. |
| 505 ## - İÇİNDEKİLER NOTU | |
| İçindekiler Notu | Önsöz -- Giriş -- Kaynaklar -- Ayntab Sancağı -- Ayntab şehri hakkında -- Osmanlı idari teşkilatında Ayntab Sancağı -- Sancağın demografik ve sosyo-ekonomik durumu -- Osmanlı timar sistemi ve timarlı sipahiler -- Timar hakkında -- Osmanlı timar sistemi -- Timar tevcih sistemi -- Timarlı sipahiler -- Timarlı sipahilerin sayısı -- Devlet-sipahi ilişkisi -- Sipahi-reaya ilişkisi -- Sistemin bozulması ve ıslah etme teşebbüsleri -- Ayntab sipahileri -- Ayntab Sancağı'nda timar düzeni -- Haslar -- Zeametler -- Timarlar -- Ayntab sipahileri -- Sipahi oğulları -- Ayntab sipahilerinin devlet ile olan ilişkileri -- Ayntab sipahilerinin reaya ile olan ilişkileri -- Sipahilerin eşkalleri -- Sipahilerin giyim kuşamları ve askeri teçhizatları -- Sonuç. |
| 650 #0 - KONU BAŞLIĞI EK GİRİŞ - KONU TERİMİ | |
| Konusal terim veya coğrafi ad | Timar--Türkiye--Gaziantep İli--Tarih--16. yüzyıl. |
| 9 (RLIN) | 104023 |
| 650 #0 - KONU BAŞLIĞI EK GİRİŞ - KONU TERİMİ | |
| Konusal terim veya coğrafi ad | Timar--Türkiye--Gaziantep İli--Tarih--17. yüzyıl. |
| 9 (RLIN) | 104024 |
| 650 #0 - KONU BAŞLIĞI EK GİRİŞ - KONU TERİMİ | |
| Konusal terim veya coğrafi ad | Gaziantep İli (Türkiye)--Silahlı Kuvvetler--Tarih--16. yüzyıl. |
| 9 (RLIN) | 104025 |
| 650 #0 - KONU BAŞLIĞI EK GİRİŞ - KONU TERİMİ | |
| Konusal terim veya coğrafi ad | Gaziantep İli (Türkiye)--Silahlı Kuvvetler--Tarih--17. yüzyıl. |
| 9 (RLIN) | 104026 |
| 650 #0 - KONU BAŞLIĞI EK GİRİŞ - KONU TERİMİ | |
| Konusal terim veya coğrafi ad | Toprak rejimi--Türkiye--Tarih. |
| 9 (RLIN) | 104027 |
| 650 #0 - KONU BAŞLIĞI EK GİRİŞ - KONU TERİMİ | |
| Konusal terim veya coğrafi ad | Feodalizm--Türkiye--Tarih. |
| 9 (RLIN) | 104028 |
| 650 #0 - KONU BAŞLIĞI EK GİRİŞ - KONU TERİMİ | |
| Konusal terim veya coğrafi ad | Timar--Turkey--Gaziantep İli--History |
| Kronolojik Alt Konu | 16th century. |
| 9 (RLIN) | 104029 |
| 650 #0 - KONU BAŞLIĞI EK GİRİŞ - KONU TERİMİ | |
| Konusal terim veya coğrafi ad | Timar--Turkey--Gaziantep İli--History--17th century. |
| 9 (RLIN) | 104030 |
| 650 #0 - KONU BAŞLIĞI EK GİRİŞ - KONU TERİMİ | |
| Konusal terim veya coğrafi ad | Gaziantep İli (Turkey)--Armed Forces--History--16th century. |
| 9 (RLIN) | 104031 |
| 650 #0 - KONU BAŞLIĞI EK GİRİŞ - KONU TERİMİ | |
| Konusal terim veya coğrafi ad | Gaziantep İli (Turkey)--Armed Forces--History--17th century. |
| 9 (RLIN) | 104032 |
| 650 #0 - KONU BAŞLIĞI EK GİRİŞ - KONU TERİMİ | |
| Konusal terim veya coğrafi ad | Land tenure--Turkey--History. |
| 9 (RLIN) | 9931 |
| 650 #0 - KONU BAŞLIĞI EK GİRİŞ - KONU TERİMİ | |
| Konusal terim veya coğrafi ad | Feudalism--Turkey--History. |
| 9 (RLIN) | 9930 |
| 942 ## - EK GİRİŞ ÖGELERİ (KOHA) | |
| Source of classification or shelving scheme | Library of Congress Classification |
| Koha item type | Book |
| Materyal Türü | Kalıcı Konum | Mevcut Konum | Raf Yeri | Sınıflandırma Kaynağı | Edinim Bilgisi | Ana Konular | Alt Konular | Yer Numarası | Demirbaş Numarası | Fatura Tarihi | Geri Çekilme Durumu | Kayıp Durumu | Hasarlı Durumu | Kredi için değil | Kayıt Tarih | Toplam Ödünçverme | Son Görülme Tarihi | Son Kontrol Tarihi | Genel / Bağış Notu |
|---|---|---|---|---|---|---|---|---|---|---|---|---|---|---|---|---|---|---|---|
| Book | Prof. Dr. Azmi Özcan Kütüphanesi | Prof. Dr. Azmi Özcan Kütüphanesi | Uluğbey Salonu | Library of Congress Classification | Bağış | SOSYAL BİLİMLER | Endüstriler, Arazi Kullanımı, İşgücü | HD846.5.Z9 G39 2011 | 0056161 | 02/02/2026 | 07/03/2016 | 05/12/2024 | 05/12/2024 | Nabi Avcı, Akademisyen |
